=LDR 00000nam 2200000 4500 =001 INLIS000000000042116 =005 20131008014914 =008 ***********************************ind** =035 ##$$0010-101300000000038 =041 ##$$a ind =082 ##$$a 322.8 =090 ##$$a 322.8, Ahm p =100 ##$$a Ahmad Abu =245 ##$$a Pendidikan Agama Islam 5 SD =300 ##$$a 96 hlm =650 ##$$a Agama Islam =850 ##$$a NBPNMAT